000 00405nam a2200169 4500
005 20260519122034.0
008 260428b |||||||| |||| 00| 0 eng d
020 _a9780140449266
082 _a843.7
_bDUM-T
100 _aDumas Alexandre
245 _aThe Count Of Monte Cristo
250 _aVolume I
260 _aNew York
_bPenguin Books
300 _a1550p
650 _aEnglish
942 _cBK
999 _c47427
_d47427